NFL Teams - Sudden Death - Statistics

General Stats
  • This quiz has been taken 8,791 times
    5,475 since last reset
  • The average score is 6 of 11
Answers on the Grid
Answers color-coded by a green-red scale on the quiz's grid according to % correct below.
Oregon Ducks
Denver Broncos
San Diego Chargers
Charlotte Panthers
Washington Redskins
Boston Bruins
St. Louis Cardinals
Chicago Bulls
New Orleans Saints
Sacramento Kings
Minnesota Vikings
Detroit Lions
Cincinnati Bearcats
Las Vegas Raiders
Miami Dolphins
Portland Trail Blazers
Atlanta Braves
Houston Texans
San Antonio Spurs
Jersey Devils
New York Giants
Tampa Bay Rays
Seattle Seahawks
Massachusetts Minutemen
Cleveland Browns
Nebraska Cornhuskers
Toronto Raptors
Memphis Grizzlies
Los Angeles Rams
Kansas City Royals
 
Answer Stats
Answer % Correct
Miami Dolphins
57%
New York Giants
57%
Detroit Lions
55%
Minnesota Vikings
55%
Seattle Seahawks
55%
Cleveland Browns
54%
Denver Broncos
54%
Las Vegas Raiders
53%
Los Angeles Rams
53%
Houston Texans
52%
New Orleans Saints
52%
No matching quizzes found
Score Distribution
Percent of People with Each Score
Percentile by Number Answered
Your Score History
You have not taken this quiz since the last reset